000 00713cam a2200217 4500
001 ABS61798
008 000000n2000 000 0 eng u
035 _a(Sirsi) u103799
100 _aGrillo, J.
245 _aBoom or bust
260 _c2000
490 _aCountry
_vDecember 1999/January 2000, 33-34(2)
520 _aReviews the country house market during the late 1990's and attempts to predict what the furture holds for the sector. Table of country house prices.
590 _aABS
650 _aCOUNTRY HOUSES
650 _aCOUNTRY HOUSE MARKET
650 _aPROPERTY TRANSACTIONS
650 _aHOUSE PRICES
690 _aPROPERTY-RESIDENTIAL PROPERTY-RESIDENTIAL PROPERTY MARKET
942 _n0
999 _c62331
_d62331